000 00605nam a2200157Ia 4500
008 090124s9999 xx 000 0 und d
082 _b39852
245 _a दामू केंकरे :तीन अंकी गुरुकुल
250 _a0
260 _bधि गोवा हिंदु असोसिएशन
_c2003
300 _a316
630 _a दामू केंकरे :तीन अंकी गुरुकुल
700 _a"नाईक , अरुण"
730 _a दामू केंकरे :तीन अंकी गुरुकुल
942 _cBOOK
999 _c100908
_d100908